Guess the Lyrics #22 - Statistics

General Stats
  • This quiz has been taken 1,263 times
  • The average score is 118 of 242
Answer Stats
Lyrics % Correct
I
98%
A
96%
a
96%
you
93%
You
93%
love
85%
love,
85%
me
80%
me?
80%
to
72%
be
71%
We
68%
And
67%
in
63%
so
62%
can
61%
hear
61%
no
59%
your
58%
with
57%
my
55%
I'm
47%
That
43%
What
43%
Don't
41%
know
41%
not
39%
Why
37%
if
36%
Could
35%
make
33%
Would
32%
baby,
31%
give
31%
Give
31%
(Give
31%
heart
31%
man
27%
Oh,
27%
should
27%
at
26%
out
25%
From
23%
I'll
23%
tell
23%
our
22%
or
21%
little
20%
live
20%
try
19%
his
18%
please
17%
forever
14%
calling
13%
(Calling)
13%
lover?
12%
war
12%
reason
11%
hard
10%
something
10%
Soul,
8%
(Soul)
8%
blue
7%
peace
7%
work
7%
arms
6%
open
6%
respect
6%
respect)
6%
breaking
4%
drive
4%
hearts
4%
A Little Respect - Erasure
3%
discover
3%
refrain
3%
sweeter
3%
falter
2%
forsake
2%
religion
1%
No matching quizzes found
Score Distribution
Percent of People with Each Score
Percentile by Number Answered
Your Score History
You have not taken this quiz